| 000 | 00677nam a2200241Ia 4500 | ||
|---|---|---|---|
| 003 | OSt | ||
| 005 | 20221006143319.0 | ||
| 006 | a|||||r|||| 00| 0 | ||
| 007 | ta | ||
| 008 | 221006b |||||||| |||| 00| 0 eng d | ||
| 024 | _a8,632 | ||
| 037 | _cTextual | ||
| 040 |
_aEASL _cEASL _beng |
||
| 041 |
_2eng _aeng |
||
| 082 | _aX8(J).42.N5, J8 | ||
| 100 |
_aTOBATA Seiichi _9649641 |
||
| 245 | 0 | _aIntroduction to agriculture of Japan | |
| 260 |
_aTokyo _bAgriculture, Forestry and Fisheries Productivity Conference Japan _c1958 |
||
| 300 |
_a72p. _ccm. |
||
| 490 | _v JEL | ||
| 942 |
_hX8(J).42.N5, J8 _cTEXL _2CC |
||
| 999 |
_c1076718 _d1076718 |
||